• 首页
  • 本馆介绍
  • 公告通知
  • 最新文献
  • 馆藏检索
  • 电子资源
  • 读者导购
  • 参考咨询
  • 我的图书馆
  • 登录
  • 详细信息显示
  • 放入我的书架
  • 预约/预借图书
  • 作者相关作品
  • 分类相关作品
  • 丛书相关作品
  • 出版社相关作品

书目信息

  • 表格格式
  • 工作单格式
  • 卡片格式
题名:
痕量水分分析
    
 
作者: 王维通 编著
分册:  
出版信息: 北京   科学出版社  1982
页数: 209页
开本: 19cm
丛书名:
单 册:
中图分类: O661.1
科图分类:
主题词: 痕量分析:水质分析 , 水质分析:痕量分析
电子资源:
ISBN:
000 00661nam0 2200253 45
001 0182005682
005 20040701102633.2
010    @dCNY1.10
091    @a31031.1887
100    @a19950112d1982 emky0chiy0121 ea
101 0  @achi
102    @aCN@b110000
105    @ay z 000yy
106    @ar
200 10 @a痕量水分分析@Ahen liang shui fen fen xi@f王维通编著
210    @a北京@c科学出版社@d1982
215    @a209页@d19cm
606    @a痕量分析:水质分析
606    @a水质分析:痕量分析
690    @aO661.1@v3
701  0 @a王维通@Awang wei tong@4编著
801  0 @aCN@b上海图书馆@c20040701
801  2 @aCN@bNLC@c20040701
905    @f1@b95136@dO661.1@e2
    
    痕量水分分析/王维通编著.-北京:科学出版社,1982
    209页;19cm
    
    
    ISBN :CNY1.10
    
●
相关链接 在E读中查询图书 在五车中查询图书 在当当中查询图书 在豆瓣中查询图书


正题名:痕量水分分析     索取号:O661.1/2         预约/预借

序号 登录号 条形码 馆藏地/架位号 状态 备注
1 0095136   001943605   密集书库/ [索取号:O661.1/2] 在馆    
2 0095137   000630160   第二样本阅览室/ [索取号:O661.1/2] 在馆    
唐山师范学院图书馆 欢迎您!
大连网信软件有限公司© 版权所有